| 000 | 00467nam a22001697a 4500 | ||
|---|---|---|---|
| 003 | NUST - PNEC | ||
| 005 | 20170116181005.0 | ||
| 008 | 150912b xxu||||| |||| 00| 0 eng d | ||
| 020 | _a013320300X | ||
| 040 | _cLIBRARY | ||
| 082 | _a621.381078 MAL | ||
| 100 |
_99744 _aMalik, Norbert R. |
||
| 245 |
_aElectronic circuits : analysis, simulation, and design _cNorbert R. Malik |
||
| 260 | _cc.1995 | ||
| 650 |
_99745 _aElectronic circuits _xEL,EE |
||
| 942 |
_2ddc _cBK |
||
| 999 |
_c66846 _d66846 |
||